Design and analysis of experiments (Record no. 12510)

000 -LEADER
fixed length control field 00501nam a22001577a 4500
020 ## - INTERNATIONAL STANDARD BOOK NUMBER
International Standard Book Number 9788126540501
082 ## - DEWEY DECIMAL CLASSIFICATION NUMBER
Classification number 519.57 MON
100 ## - MAIN ENTRY--PERSONAL NAME
Personal name Montgomery, Douglas C.
245 ## - TITLE STATEMENT
Title Design and analysis of experiments
250 ## - EDITION STATEMENT
Edition statement 8th ed.
260 ## - PUBLICATION, DISTRIBUTION, ETC.
Place of publication, distribution, etc. New Delhi, India
Name of publisher, distributor, etc. Wiley
Date of publication, distribution, etc. 2013
300 ## - PHYSICAL DESCRIPTION
Extent xvii, 730 p.
Other physical details ill. ;
500 ## - GENERAL NOTE
General note Includes bibliographical references (pages 719-724) and index.
650 ## - SUBJECT ADDED ENTRY--TOPICAL TERM
Topical term or geographic name entry element 1. Experimental design. 2. TECHNOLOGY & ENGINEERING / Industrial Engineering.
942 ## - ADDED ENTRY ELEMENTS (KOHA)
Koha item type Book
Holdings
Withdrawn status Lost status Damaged status Not for loan Collection code Permanent Location Current Location Shelving location Date acquired Source of acquisition Cost, normal purchase price Total Checkouts Full call number Barcode Date last seen Date last checked out Price effective from Koha item type
          Central Library (CL) Central Library (CL) General Stacks 12/27/2013 Multi-Line Books 1044.66 1 519.57 MON SEECS012911 06/25/2024 02/24/2022 01/05/2014 Book
© 2023 Central Library, National University of Sciences and Technology. All Rights Reserved.